Lore: Capturing traditional environmental knowledge

Tallennettuna:
Bibliografiset tiedot
Aineistotyyppi: Kirja
Kieli:Undetermined
Julkaistu: Ottawa, Canada IDRC 1992
Aiheet:
Tagit: Lisää tagi
Ei tageja, Lisää ensimmäinen tagi!
Thư viện lưu trữ: Trung tâm Học liệu Trường Đại học Cần Thơ
LEADER 00469nam a2200157Ia 4500
001 CTU_41050
008 210402s9999 xx 000 0 und d
082 |a 333.7 
082 |b L868 
245 0 |a Lore: Capturing traditional environmental knowledge 
260 |a Ottawa, Canada 
260 |b IDRC 
260 |c 1992 
650 |a ecology,environmental management,resources - management 
904 |i Minh, 010511 
980 |a Trung tâm Học liệu Trường Đại học Cần Thơ